Study skills for geography earth and environmental science student (Record no. 1715119)

MARC details
000 -LEADER
fixed length control field 00591nam a22002057a 4500
005 - DATE AND TIME OF LATEST TRANSACTION
control field 20260311130440.0
008 - FIXED-LENGTH DATA ELEMENTS--GENERAL INFORMATION
fixed length control field 260311b |||||||| |||| 00| 0 eng d
037 ## - SOURCE OF ACQUISITION
Terms of availability DSWL
040 ## - CATALOGING SOURCE
Original cataloging agency DSWL
Transcribing agency DSWL
041 ## - LANGUAGE CODE
Language code of original eng
084 ## - COLON CLASSIFICATION NUMBER
Classification number G:5509v Q6
100 ## - MAIN ENTRY--PERSONAL NAME
Personal name Kneale, Pauline
9 (RLIN) 1131669
245 ## - TITLE STATEMENT
Title Study skills for geography earth and environmental science student
250 ## - EDITION STATEMENT
Edition statement 3rd
260 ## - PUBLICATION, DISTRIBUTION, ETC.
Place of publication, distribution, etc. New York,
Name of publisher, distributor, etc. Routledge Publication,
Date of publication, distribution, etc. 2016
300 ## - PHYSICAL DESCRIPTION
Extent 310p
365 ## - TRADE PRICE
Price type code INR
Price amount 995
942 ## - ADDED ENTRY ELEMENTS (KOHA)
Source of classification or shelving scheme Colon Classification (CC)
Koha item type Textual
Classification part G:5509v Q6
Suppress in OPAC No

No items available.

Copyright @ Delhi University Library System